000 00491nam a2200157Ia 4500
008 240729s9999 xx 000 0 und d
022 _a2578-2118
245 0 _aJournal of Research in Technical Careers
260 _aUnited States
260 _bUniversity of Nevada, Las Vegas, Department of Teaching and Learning
650 _a Special aspects of education
650 _aEducation
856 _uhttps://doaj.org/toc/fafc20cd322a4e3e9f65a29d88155ec7
942 _2ddc
942 _cDOAJEJ
999 _c66332
_d66332
945 _a1
_bMadushi Gamage
_c1
_dMadushi Gamage